Statistics for Rhyming Words Picture Quiz

Click here to take the quiz!

General Stats

  • This quiz has been taken 48 times
  • The average score is 8 of 11

Answer Stats

Answer% Correct
Dolly
96%
{Jolly} Old St. Nicholas
96%
Lolly
91%
Collie
89%
Holly
89%
Trolley
73%
Molly
71%
Seward's {Folly}
64%
Ollie
58%
Polly
51%
Brolly
49%

Score Distribution

Percentile by Number Answered

Percent of People with Each Score

Your Score History

You have not taken this quiz